000 00340nam a2200133 i 4500
001 bg
100 1 _aPLOCH, J.
245 0 _aOszacowania dużych przemieszczeń w ciałach sztywno-plastycznych... /
_cJ. Ploch.
260 _aWarszawa,
_c1979.
040 _cBPK
041 _apol
942 _cKS
008 s pl f |000 0 pol
999 _c21308
_d21308
856 _uhttp://koha.tu.koszalin.pl/cgi-bin/koha/opac-detail.pl?biblionumber=21308
_yKatalog online BPK